The Teaching and Assessment of Grammar/ (Record no. 6244)

MARC details
000 -LEADER
fixed length control field 00706nam a22002177a 4500
003 - CONTROL NUMBER IDENTIFIER
control field OSt
005 - DATE AND TIME OF LATEST TRANSACTION
control field 20251125113202.0
008 - FIXED-LENGTH DATA ELEMENTS--GENERAL INFORMATION
fixed length control field 251125b |||||||| |||| 00| 0 eng d
020 ## - INTERNATIONAL STANDARD BOOK NUMBER
International Standard Book Number 978-621-451-013-9
040 ## - CATALOGING SOURCE
Original cataloging agency DWC-Main lib
Transcribing agency OC
082 ## - DEWEY DECIMAL CLASSIFICATION NUMBER
Classification number Fil. 428.004 T255 2021
100 ## - MAIN ENTRY--PERSONAL NAME
Personal name Bacus, Remedious
245 ## - TITLE STATEMENT
Title The Teaching and Assessment of Grammar/
Statement of responsibility, etc. Remedious Bacus
260 ## - PUBLICATION, DISTRIBUTION, ETC.
Place of publication, distribution, etc. Quezon City :
Name of publisher, distributor, etc. Lorimar Publishing inc.,
Date of publication, distribution, etc. c2021.
300 ## - PHYSICAL DESCRIPTION
Extent xiv, 74 pages :
Other physical details illustrations ;
Dimensions 26cm.
650 ## - SUBJECT ADDED ENTRY--TOPICAL TERM
Topical term or geographic name entry element 1. English language -- Grammar-- Study and teaching
700 ## - ADDED ENTRY--PERSONAL NAME
Personal name Rivika C. Alda
700 ## - ADDED ENTRY--PERSONAL NAME
Personal name Lelani C. Dapat
700 ## - ADDED ENTRY--PERSONAL NAME
Personal name Filomena T. Dayagbil
942 ## - ADDED ENTRY ELEMENTS (KOHA)
Source of classification or shelving scheme Dewey Decimal Classification
Koha item type Book-Filipiniana
Call number prefix Fil.
Suppress in OPAC No
952 ## - LOCATION AND ITEM INFORMATION (KOHA)
--
952 ## - LOCATION AND ITEM INFORMATION (KOHA)
--
Holdings
Withdrawn status Lost status Source of classification or shelving scheme Damaged status Not for loan Home library Current library Shelving location Date acquired Source of acquisition Cost, normal purchase price Total Checkouts Full call number Barcode Date last seen Copy number Price effective from Koha item type Uniform Resource Identifier
    Dewey Decimal Classification     College Library College Library Filipiniana 07/08/2021 School Fund 200.00   Fil. 428.004 T255 2021 CL52907 11/25/2025 c1 11/25/2025 BK - FIL
    Dewey Decimal Classification     College Library College Library Filipiniana 07/08/2021 School Fund 200.00   Fil. 428.004 T255 2021 CL52908 11/25/2025 c2 11/25/2025 BK - FIL